Marques de chocolat par logo - Statistiques

Statistiques générales
  • Ce quiz a été pris 1 751 fois
  • Le résultat moyen est 10 sur 16
Statistiques - réponses
Par images Réponse % Correct
Milka
99%
Ferrero Rocher
97%
Mars
97%
Twix
94%
Snickers
93%
Lindt
89%
Nestlé
83%
Toblerone
79%
Kinder
75%
Côte d'Or
70%
Léonidas
30%
Hershey's
18%
Feastables
15%
Jeff de Bruges
11%
Cadburry
10%
Révillon
1%
Aucun quiz correspondant
Distribution des résultats
% des personnes avec chaque résultat
Percentile par nombre de réponses
Votre historique - résultats
Vous n’avez pas pris ce quiz